Odpowiedzi zaczynające się i kończące tą samą literą A-Ż - Statystyki

Ogólne statystyki
  • Ten quiz został rozwiązany 2 047 razy
    1 130 od ostatniego zresetowania
  • Średni wynik to 20 z 30
Statystyki odpowiedzi
Litera Wskazówka Słowo % Poprawnych
A
Państwo nad Morzem Adriatyckim o takiej fladze: e15a7ccb7e-235.webp
Albania
99%
Ć Połowa połowy Ćwierć
98%
C Jeden z miesięcy Czerwiec
98%
F Osoba zawodowo robiąca zdjęcia Fotograf
98%
H Wysoki po angielsku High
94%
L Niemiecka sieć marketów spożywczych Lidl
93%
B Duże drzewo występujące na Madagaskarze Baobab
92%
K Łódź sportowa, którą się spływa w dół rzeki Kajak
92%
D Król Izraela walczący z Goliatem Dawid
87%
W Stolica województwa dolnośląskiego Wrocław
87%
M Rodzaj niemego aktora w charakterystycznym makijażu Mim
86%
O Imię von Bismarcka, któremu zawdzięcza się zjednoczenie Niemiec Otto
83%
T Talia kart, z których się wróży lub medytuje Tarot
82%
S Może być powszechny, ludności itd. Spis
81%
N Cząsteczka subatomowa nienaładowana elektrycznie Neutron
71%
E Starożytny lud zamieszkujący dolinę Nilu Egipcjanie
66%
Y Osoby zajmujące się nagrywaniem filmów i wrzucaniem ich na YouTube Youtuberzy
66%
P Program od Adobe do edycji obrazów Photoshop
65%
Ś _________ mi wierność! - tak może powiedzieć kobieta przyłapująca męża na zdradzie Ślubowałeś
61%
I Organizacja, która według teorii spiskowych kontroluje świat Illuminati
57%
G Chiński instrument perkusyjny Gong
56%
Z Szybko poruszająca się kulka, którą łapie szukający w quidditchu Znicz
44%
V Imię pierwszego oraz drugiego prezydenta Republiki Czeskiej Václav
43%
X Marka drukarek Xerox
37%
R Ostra broń biała często używana w pojedynkach Rapier
31%
J Długa rzeka na Syberii Jenisej
30%
U Monolit w Australii, znany też jako Ayers Rock Uluru
28%
Ż Przezwisko Jerzego Ponimirskiego z Kariery Nikodema Dyzmy, które wzięło się od fonetycznego zapisu francuskiego odpowiednika jego imienia Żorż
24%
Ł Ława, którą można podwyższyć i zmienić ją w stół Ławostół
22%
Q Czwarte największe miasto Grenlandii, jego duńską nazwą jest Julianehåb Qaqortoq
7%
Nie znaleziono quizów pasujących do podanych kryteriów
Rozkład punktacji
Procent ludzi z każdym wynikiem
Percentyl według liczby udzielonych odpowiedzi
Twoja historia wyników
Nie rozwiązałeś tego quizu od ostatniego zresetowania